Jeziora sztuczne w Polsce - Statystyki

Ogólne statystyki
  • Ten quiz został rozwiązany 33 razy
  • Średni wynik to 4 z 14
Statystyki odpowiedzi
Jeziora na dopływach Wisły % Poprawnych
Solińskie, San
61%
Włocławskie, Wisła
61%
Goczałkowskie, Wisła
44%
Jeziorsko, Warta
28%
Otmuchowskie, Nysa Kłodzka
28%
Dobczyckie, Raba
22%
Rożnowskie, Dunajec
22%
Sulejowskie, Pilica
22%
Koronowskie, Brda
17%
Zegrzyńskie, Narew i Bug
17%
Żywieckie, Soła
17%
Siemianowickie, Narew
11%
Turowskie, Mała Panew
11%
Nidzkie, Nysa Kłodzka
6%
Nie znaleziono quizów pasujących do podanych kryteriów
Rozkład punktacji
Procent ludzi z każdym wynikiem
Percentyl według liczby udzielonych odpowiedzi
Twoja historia wyników
Nie rozwiązałeś tego quizu